000 00424 a2200109 4500
001 ART_30613
005 20260410162002.0
008 260409a
245 1 0 _aTendencias y recurrencias de larga duración en el número de leyes sancionadas en el Congreso de los E.E.U.U. de NA entre 1789 y 1988
100 1 _aMallmann, Carlos Alberto
773 0 _tForo económico
_g- Año III, Nº 4 (mayo 1997)
_wREV30369
999 _c31417
_d31417